Т. 88, вып. 3; Прикладная математика и механика

Detaylı Bibliyografya
Parent link:Прикладная математика и механика: научный журнал/ Российская академия наук (РАН). Т. 88, вып. 3.— .— Москва: Наука, 1936-.— 0032-8235
Özet:Текстовый файл
Dil:Rusça
Baskı/Yayın Bilgisi: 2024
Online Erişim:https://pmm.ipmnet.ru/ru/Issues/2024/88-3
Materyal Türü: Elektronik Kitap
KOHA link:https://koha.lib.tpu.ru/cgi-bin/koha/opac-detail.pl?biblionumber=681827

MARC

LEADER 00000nam2a2200000 4500
001 681827
005 20250924112838.0
090 |a 681827 
100 |a 20250924d2024 k||y0rusy50 ca 
101 0 |a rus 
102 |a RU 
105 |a a z 001yy 
135 |a drcn uucaa 
181 0 |a i   |b  e  
182 0 |a b 
183 |a cr  |2 RDAcarrier 
200 0 |a Т. 88, вып. 3 
203 |a Текст  |c электронный  |b визуальный 
210 |d 2024 
283 |a online_resource  |2 RDAcarrier 
320 |a Библиография в конце статей 
336 |a Текстовый файл 
461 1 |0 380550  |9 380550  |t Прикладная математика и механика  |o научный журнал  |f Российская академия наук (РАН)  |c Москва  |n Наука  |d 1936-  |x 0032-8235  |v Т. 88, вып. 3 
801 0 |a RU  |b 63413507  |c 20250924  |g PSBO 
850 |a 63413507 
856 4 0 |u https://pmm.ipmnet.ru/ru/Issues/2024/88-3  |z https://pmm.ipmnet.ru/ru/Issues/2024/88-3 
942 |c CF